|
|
|
|
| LEADER |
00000nam a2200000 a 4500 |
| 001 |
vtls010113278 |
| 003 |
SK-MaSNL |
| 005 |
20260331205629.0 |
| 008 |
100708s2010 yu a rc 000 0dscc |
| 015 |
|
|
|a SNBZSE2011-00005
|
| 040 |
|
|
|a SNK
|b slo
|c SNK
|e AACR2
|
| 041 |
1 |
|
|a scc
|
| 043 |
|
|
|a e-rb---
|
| 044 |
|
|
|a rb
|c RS
|
| 072 |
|
7 |
|a 72/76
|x Výtvarné umenie
|2 konspekt
|
| 080 |
|
|
|a 76.071.1:061.4
|x (497.11)
|x (083.824)
|2 2001
|
| 080 |
|
|
|a 323.15(=162.4)
|x (497.11)
|2 2001
|
| 080 |
|
|
|a 316.723(=162.4)
|x (497.11)
|2 2001
|
| 100 |
1 |
|
|a Klátik, Jozef,
|d 1949-
|4 art
|9 182810
|
| 245 |
1 |
0 |
|a Jozef Klaćik. Slike, slike objekti
|b 08.02.2010.-02.03.2010
|
| 260 |
|
|
|a Stara Pazova
|b CENTAR ZA KULTURU
|c 2010
|
| 300 |
|
|
|a 1 skladačka ([6] s.)
|b ilustr.
|c 42 x 15 cm po zložení 14 x 15 cm
|
| 600 |
1 |
7 |
|a Klátik, Jozef,
|d 1949-
|2 SNKMA
|9 182810
|
| 650 |
0 |
7 |
|a výtvarné umenie
|2 SNKPH
|9 723
|
| 650 |
0 |
7 |
|a Slováci
|z Srbsko
|2 SNKPH
|9 317078
|
| 650 |
0 |
7 |
|a národnostné menšiny
|2 SNKPH
|9 2669
|
| 651 |
|
7 |
|a Stará Pazova (Srbsko)
|2 SNKPH
|9 30669
|
| 655 |
|
7 |
|a katalógy výstav
|2 SNKPH
|9 70445
|
| 752 |
|
|
|a Srbsko
|d Stará Pazova
|
| 958 |
|
|
|a ZS
|
| 958 |
|
|
|a RS
|
| 999 |
|
|
|c 575522
|d 577452
|
| 952 |
|
|
|a SNK
|b SNK
|y PREZ
|7 0
|p 17A0675180
|o snkOSE 4583
|i snk2010/22564
|8 2
|g 1.00
|0 0
|1 0
|4 0
|d 2010-07-08
|l 0
|r 2026-02-23 14:30:59
|w 2026-02-23
|